Un mundo de caballos (Record no. 25869)
[ view plain ]
| 000 -LEADER | |
|---|---|
| campo de control de longitud fija | 00711cac a2200217 a 4500 |
| 003 - IDENTIFICADOR DE NÚMERO DE CONTROL | |
| campo de control | Co-PeBPM |
| 005 - FECHA Y HORA DE LA ÚLTIMA TRANSACCIÓN | |
| campo de control | 20240521191543.0 |
| 007 - CAMPO FIJO DE DESCRIPCIÓN FÍSICA--INFORMACIÓN GENERAL | |
| campo de control de longitud fija | ta |
| 008 - DATOS DE LONGITUD FIJA--INFORMACIÓN GENERAL | |
| campo de control de longitud fija | 231129s1982||||ck a||||||||||||| ||spa|| |
| 040 ## - FUENTE DE CATALOGACIÓN | |
| Centro catalogador/agencia de origen | Co-PeBPM |
| Lengua de catalogación | spa |
| Centro/agencia transcriptor | Co-PeBPM |
| Normas de descripción | rda |
| 082 04 - NÚMERO DE LA CLASIFICACIÓN DECIMAL DEWEY | |
| Número de clasificación | R 636.109 Ch474m |
| Número de edición | 22 |
| 100 ## - ENTRADA PRINCIPAL--NOMBRE DE PERSONA | |
| Nombre de persona | Charlish, Anne |
| Término indicativo de función/relación | autora |
| 245 #0 - MENCIÓN DEL TÍTULO | |
| Título | Un mundo de caballos |
| Mención de responsabilidad, etc. | / Anne Charlish; consultora de redacción Sally Gordon |
| 260 ## - PUBLICACIÓN, DISTRIBUCIÓN, ETC. | |
| Lugar de publicación, distribución, etc. | Suiza |
| Nombre del editor, distribuidor, etc. | : Grolier International - Naturalis, |
| Fecha de publicación, distribución, etc. | c1982 |
| 264 ## - PRODUCCIÓN, PUBLICACIÓN, DISTRIBUCIÓN, FABRICACIÓN Y COPYRIGHT | |
| Producción, publicación, distribución, fabricación y copyright | Grolier International-Naturalis. |
| 300 ## - DESCRIPCIÓN FÍSICA | |
| Extensión | 384 páginas |
| Otras características físicas | fotografías a color |
| Dimensiones | 34 centímetros |
| 500 ## - NOTA GENERAL | |
| Nota general | Incluye índice |
| 650 10 - PUNTO DE ACCESO ADICIONAL DE MATERIA--TÉRMINO DE MATERIA | |
| Término de materia o nombre geográfico como elemento de entrada | Caballos - Historia |
| Fuente del encabezamiento o término | Lemb |
| 700 ## - ENTRADA AGREGADA--NOMBRE PERSONAL | |
| Nombre de persona | Sally, Gordon |
| Término indicativo de función/relación | Redacción |
| 942 ## - ELEMENTOS DE ENTRADA SECUNDARIOS (KOHA) | |
| Fuente del sistema de clasificación o colocación | Clasificación Decimal Dewey |
| Tipo de ítem Koha | Libros |
| Estatus retirado | Estado de pérdida | Fuente del sistema de clasificación o colocación | Estado de daño | No para préstamo | Biblioteca de origen | Biblioteca actual | Fecha de adquisición | Total de préstamos | Signatura topográfica completa | Código de barras | Visto por última vez | Copia número | Precio de reemplazo | Tipo de ítem Koha | Fuente de adquisición |
|---|---|---|---|---|---|---|---|---|---|---|---|---|---|---|---|
| Clasificación Decimal Dewey | BIBLIOTECA PÚBLICA MUNICIPAL RAMON CORREA MEJIA | BIBLIOTECA PÚBLICA MUNICIPAL RAMON CORREA MEJIA | 09/07/2009 | R 636.109 Ch474m | 02369 | 29/11/2023 | Ej.1 | 29/11/2023 | Libros | ||||||
| Clasificación Decimal Dewey | BIBLIOTECA PÚBLICA MUNICIPAL RAMON CORREA MEJIA | BIBLIOTECA PÚBLICA MUNICIPAL RAMON CORREA MEJIA | 21/05/2020 | R 636.109 Ch474m | 49899 | 21/05/2024 | Ej.2 | 21/05/2024 | Libros | Donación |